| 000 | 00889cam a2200217 4500 | ||
|---|---|---|---|
| 001 | ABS63902 | ||
| 008 | 000000n2001 000 0 eng u | ||
| 035 | _a(Sirsi) u112175 | ||
| 100 | _aButton, R. | ||
| 245 | _aProject management: its riskier than it looks | ||
| 260 | _c2001 | ||
| 490 |
_aCSM _bChartered Surveyor Monthly _v4 April 2001, 35(1) |
||
| 520 | _aDiscusses the risks involved in undertaking project management. Argues with the example of recent cases that if a claim is made the project manager is likely to be involved. Advises that the risks can be managed effectively if sufficient preparation is made. | ||
| 590 | _aABS | ||
| 650 | _aCHESHAM PROPERTIES V BUCKNALL AUSTIN PROJECT MANAGEMENT SERVICES | ||
| 650 | _aPOZZOLANIC LYTAG LTD V BRYAN HOBSON ASSOCIATES | ||
| 650 | _aPROJECTS | ||
| 690 |
_aProject management _96261 |
||
| 700 | _aMills, R. | ||
| 942 | _n0 | ||
| 999 |
_c66811 _d66811 |
||